| 000 | 00847cam a2200217 4500 | ||
|---|---|---|---|
| 001 | L136836 | ||
| 008 | 070227n2006 000 0 eng u | ||
| 035 | _a(Sirsi) u136836 | ||
| 041 | 0 | _aeng | |
| 050 | 0 | 4 | _a333.72 $2 18 |
| 110 | 2 |
_aBritish Council for Offices _93992 |
|
| 245 | 0 | 0 | _aBest practice guide to environmental management |
| 260 |
_aLondon _bBCO _c2006 |
||
| 300 |
_a74p. _c30cm. |
||
| 505 | 2 | _aOverview and drivers -- A guide for procurement, design and construction -- A guide for occupiers | |
| 520 | _aProvides a guide to sustainable development in the context of office procurement, refurbishment and construction. Discusses the drivers for change, government policy, European directives and asset value. | ||
| 590 | _aKA | ||
| 651 | 4 | _aGREAT BRITAIN | |
| 690 | _aBUILT ENVIRONMENT-SUSTAINABLE CONSTRUCTION | ||
| 942 | _n0 | ||
| 999 |
_c106524 _d106524 |
||